| 000 | 00683nam a2200229 a 4500 | ||
|---|---|---|---|
| 005 | 20200104041508.0 | ||
| 008 | 140219t1997 ck A gr|||| 00| 0 spa d | ||
| 020 | _a9589487025 | ||
| 040 |
_aCO-BoIAVH _cCO-BoIAVH |
||
| 041 | _aspa | ||
| 044 | _ack | ||
| 090 |
_aEA _b355 |
||
| 110 | 2 |
_bProyecto Biopacífico _96924 |
|
| 245 | 1 |
_aEducadores del pacífico _bpropuesta para una práctica educativa ambiental |
|
| 260 |
_aBogotá _bBiopacífico _c1997 |
||
| 300 |
_a102 paginas. _bilustraciones _c24 x 20 cm |
||
| 650 | 4 |
_aEducación ambiental _9162 |
|
| 650 | 4 |
_aParticipación comunitaria _953501 |
|
| 650 | 4 |
_aDesarrollo comunitario _953502 |
|
| 662 | _aColombia | ||
| 942 |
_cLIBRO _2z |
||
| 999 |
_c209 _d209 |
||